LEADER 02301nam1 22005173i 450 001 SBL0273356 005 20251003044351.0 020 $aIT$b6412937 100 $a20050530d1964 ||||0itac50 ba 101 | $aita 102 $ait 181 1$6z01$ai $bxxxe 182 1$6z01$an 183 1$6z01$anc$2RDAcarrier 200 1 $aOpere di Galileo Galilei$fa cura di Franz Brunetti 210 $aTorino$cUnione tipografico-editrice torinese$d1964 215 $a2 volumi$d24 cm 225 | $aClassici della scienza 410 0$1001CFI0109626$12001 $aClassici della scienza 463 1$1001NAP0181730$12000 $a1$fGalileo Galilei$v1 463 1$1001NAP0181732$12000 $a2$fGalileo Galilei$v2 676 $a500$9SCIENZE PURE$v16 676 $a500$9SCIENZE NATURALI E MATEMATICA$v21 676 $a500$9SCIENZE NATURALI E MATEMATICA$v23 676 $a501$9SCIENZE PURE. FILOSOFIA E TEORIA$v20 676 $a509$9SCIENZE PURE. TRATTAMENTO STORICO E GEOGRAFICO$v12 676 $a509$9SCIENZE NATURALI E MATEMATICA. Storia, geografia, persone$v20 676 $a509$9SCIENZE NATURALI E MATEMATICA. STORIA, GEOGRAFIA, PERSONE$v21 676 $a509.2$9SCIENZE NATURALI E MATEMATICA. Persone$v22 676 $a925$9BIOGRAFIA, GENEALOGIA, INSEGNE - SCIENZIATI$v14 700 1$aGalilei$b, Galileo$3CFIV004372$4070$04160 702 1$aBrunetti$b, Franz$f <1927-2020>$3RAVV016298$4340 790 1$aBrunetti$b, Franco$3IEIV228711$zBrunetti, Franz <1927-2020> 801 3$aIT$bIT-000000$c20050530 850 $aIT-BN0095 $aIT-NA0481 $aIT-NA0243 $aIT-AV0001 $aIT-SA0045 $aIT-CE0068 $aIT-NA0120 $aIT-NA0228 $aIT-AV0195 $aIT-BN0015 901 $bNAP LI$cAR2 $n$ 901 $bNAP AL$cCARUSO $n$ 901 $bNAP CP$cFM $n$ 901 $bNAP 67$cSALA B $nComprende monografie di vario argomento 901 $bNAP DO$cCAVEAU $n$ 901 $bNAP BM$cOP. CONS. $n$ 912 $aSBL0273356 950 1$aCentro Librario e Bibliotecario per la Diffusione della cultura$c2 v. (v.1-2)$d 67SALA B B IV 9/10b 977 $a 17$a 67$a AL$a BM$a CP$a CR$a DO$a LI$a PB 996 $aOpere di Galileo Galilei$973661 997 $aUNISANNIO